| 000 | 00944nam a2200289 a 4500 | ||
|---|---|---|---|
| 001 | 1493319 | ||
| 003 | CO-ViMGA | ||
| 005 | 20230915233615.0 | ||
| 008 | 150812s2014 ck gr 0001fdspa d | ||
| 020 | _a9789585828391 | ||
| 040 |
_aCO-ViMGA _bspa _cCO-ViMGA |
||
| 041 | 1 | _heng | |
| 043 | _an-us--- | ||
| 082 | 0 | 4 |
_a813.5 _bG74t5 _219 |
| 100 | 1 |
_aGrisham, John, _d1955- _91144 |
|
| 245 | 1 | 0 |
_aTheodore Boone : _bel acusado / _cJohn Grisham ; traducción de Jose Šerra. |
| 260 |
_aBogot :̀ _bPenguin Random House Grupo Editorial, _c2014. |
||
| 300 |
_a254 páginas ; _c22 cm. |
||
| 534 |
_pTítulo original : _tTheodore Boone: the accused. |
||
| 650 | 1 | 4 |
_aAbogados _v Novela. _91149 |
| 650 | 1 | 4 |
_aAsesinato _v Novela. _91151 |
| 650 | 1 | 4 |
_aNovela estadounidense. _9373 |
| 650 | 1 | 4 |
_aRobo (Psicologia y etica) _v Novela. _91152 |
| 650 | 1 | 4 |
_aTribunales _v Novela. _91150 |
| 700 | 1 |
_aSerra, Jose, _etraductor. _91148 |
|
| 942 |
_2ddc _cBK |
||
| 999 |
_c37369 _d37369 |
||